000
00280nam a2200109Ia 4500
008
220204s9999 xx 000 0 und d
082
_a
631.4:54.06
_b
HES
100
_a
Hesse, P R
245
0
_a
Textbook of soil chemical analysis
260
_a
London
_b
John Murray
_c
1971
942
_c
BK
999
_c
23740
_d
23740